[Event "Masdenverge op 6th"]
[Site "Masdenverge"]
[Date "2017.07.01"]
[Round "3"]
[White "Ferrer Foix, Vicent"]
[Black "Lorca Cortada, David"]
[Result "0-1"]
[WhiteElo "1802"]
[BlackElo "2056"]
[PlyCount "62"]
[EventDate "2017.06.30"]
[EventType "swiss"]
[EventRounds "7"]
[EventCountry "ESP"]
[SourceTitle "EXT 2019"]
[Source "ChessBase"]
[SourceDate "2018.10.10"]
[SourceVersion "1"]
[SourceVersionDate "2018.10.10"]
[SourceQuality "1"]

1. e4 c5 2. Nf3 e6 3. d4 cxd4 4. Nxd4 a6 5. Bd3 Bc5 6. Nb3 Be7 7. Nc3 d6 8. Be3 Nf6 9. f4 Nc6 10. g4 Nd7 11. g5 h6 12. Qd2 hxg5 13. fxg5 Nde5 14. Be2 b5 15. 0-0-0 Bb7 16. Kb1 Na5 17. Qd4 Rc8 18. Bf4 Nac4 19. Nd2 Nxd2+ 20. Bxd2 Qc7 21. a3 Rh4 22. Be1 Rxe4 23. Nxe4 Qxc2+ 24. Ka1 Bxe4 25. Rg1 Qxe2 26. Bg3 Nf3 27. Qxg7 Nxg1 28. Qh8+ Bf8 29. Re1 Bd5 30. Rxg1 Qe3 31. Rd1 Rc1+ 0-1

[Event "Amposta Balague Memorial 3rd"]
[Site "Amposta"]
[Date "2016.08.05"]
[Round "7"]
[White "Baquedano Coarasa, Pablo"]
[Black "Ferrer Foix, Vicent"]
[Result "1/2-1/2"]
[WhiteElo "1998"]
[BlackElo "1709"]
[PlyCount "76"]
[EventDate "2016.08.01"]
[EventType "swiss"]
[EventRounds "9"]
[EventCountry "ESP"]
[SourceTitle "CBM 173 Extra"]
[Source "ChessBase"]
[SourceDate "2016.08.29"]
[SourceVersion "1"]
[SourceVersionDate "2016.08.29"]
[SourceQuality "1"]

1. d4 Nf6 2. c4 c5 3. d5 b5 4. cxb5 a6 5. bxa6 g6 6. Nc3 Bxa6 7. e4 Bxf1 8. Kxf1 Bg7 9. Nf3 d6 10. g3 Nbd7 11. Kg2 0-0 12. Qe2 Nb6 13. a4 Ra5 14. Nd2 Nfd7 15. Nb3 Bxc3 16. bxc3 Rxa4 17. Bh6 Re8 18. Na5 Qc8 19. Bd2 f6 20. h4 Ne5 21. Rxa4 Nxa4 22. Qb5 Kf7 23. Qxa4 Qg4 24. Rf1 Nf3 25. Rd1 Nxh4+ 26. Kf1 Qh3+ 27. Ke2 Qg4+ 28. Kd3 Nf3 29. Nc4 f5 30. Ne3 c4+ 31. Qxc4 Ne5+ 32. Kc2 Nxc4 33. Nxg4 fxg4 34. Bc1 Rc8 35. Rd4 Kf6 36. Kb3 Na5+ 37. Kc2 Nc4 38. Kb3 Na5+ 1/2-1/2